Run-D.M.C. Discography - Statistics

General Stats
  • This quiz has been taken 7 times
  • The average score is 4 of 14
Answer Stats
Year Name Type % Correct
1984 Run-D.M.C. Album
100%
1986 Raising Hell Album
86%
2002 Greatest Hits Compilation
43%
1985 King of Rock Album
43%
1988 Tougher Than Leather Album
43%
1993 Down with the King Album
29%
1990 Back from Hell Album
14%
2001 Crown Royal Album
14%
2002 High Profile: The Original Rhymes Compilation
14%
2007 Live at Montreux 2001 Live Album
14%
2012 The Essential Run-D.M.C. Compilation
14%
1991 Together Forever: Greatest Hits 1983-1991 Compilation
14%
1998 Together Forever: Greatest Hits 1983-1998 Compilation
14%
2003 Ultimate Run-D.M.C. Compilation
0%
No matching quizzes found
Score Distribution
Percent of People with Each Score
Percentile by Number Answered
Your Score History
You have not taken this quiz